000 00625nam a2200229Ia 4500
005 20250108125000.0
008 008 250107s9999 xx 000 0 eng d
020 _a978-93-83848-80-5
037 _aTB
040 _aCRL
_beng
_cCRL
041 _aeng
_2eng
084 _aO152,2NMAx Q8
084 _qCRL
100 _aSaraswati Satyananda Au.
_9730219
245 0 _aKundalini tantra
_cSaraswati Satyananda Au.
260 _aBihar, India
_bYoga Publications
_c2890
300 _aviii,453p.
365 _aINR
_b350
650 _aSPIRITUALISM
942 _cTB
_hO152,2NMAx Q8
999 _c1235278
_d1235278